000 00613nam a2200277Ia 4500
005 20260324115919.0
008 008 260324s9999 xx 000 0 eng d
020 _a9781315380391
037 _aEBOOK
040 _aCRL
040 _beng
040 _cCRL
041 _2eng
041 _aeng
084 _qCRL
100 _aJun Mitani
_91153968
245 0 _a3D Origami Art
260 _bTaylor and Francis
260 _c2016
365 _a
365 _b400
856 _uhttp://www.taylorfrancis.com/books/9781315380391
942 _cEBOOK
999 _c1747730
_d1747730